[Event "Titled Tue 3rd Jun Early"]
[Site "chess.com INT"]
[Date "2025.06.03"]
[Round "3"]
[White "Weetik, Vjacheslav"]
[Black "So, Wesley"]
[Result "0-1"]
[WhiteTitle "FM"]
[BlackTitle "GM"]
[WhiteElo "2423"]
[BlackElo "2751"]
[WhiteFideId "4153472"]
[BlackFideId "5202213"]
[EventDate "2025.06.03"]

1. Nf3 c5 2. e4 d6 3. Bb5+ Nd7 4. d4 a6 5. Bxd7+ Bxd7 6. d5 Nf6 7. Nc3 b5 8. Bg5
b4 9. Bxf6 exf6 10. Ne2 g6 11. a4 Bg7 12. Nd2 f5 13. Nc4 O-O 14. exf5 Bxf5 15.
O-O a5 16. Ng3 Bc8 17. Ne4 Ba6 18. Nexd6 Bxb2 19. Rb1 Bc3 20. Qf3 Qd7 21. h4
Qxa4 22. Nb6 Qxc2 23. Nxa8 Qd3 24. Qf4 Qd4 25. Qxd4 cxd4 26. Nb6 Rd8 27. Ndc4 a4
28. d6 a3 29. Rbd1 a2 30. d7 b3 0-1

[Event "Titled Tue 3rd Jun Early"]
[Site "chess.com INT"]
[Date "2025.06.03"]
[Round "3"]
[White "Leiva, Gianmarco"]
[Black "Brezis, Ari"]
[Result "1-0"]
[WhiteTitle "IM"]
[BlackTitle "CM"]
[WhiteElo "2387"]
[BlackElo "2188"]
[WhiteFideId "3804399"]
[BlackFideId "2858541"]
[EventDate "2025.06.03"]

1. e4 c5 2. Nf3 Nc6 3. Bb5 g6 4. O-O Bg7 5. Re1 Nf6 6. e5 Nd5 7. Nc3 Nc7 8. Bxc6
dxc6 9. h3 O-O 10. Ne4 b6 11. d3 Bf5 12. b3 a5 13. a4 Ne6 14. Ng3 Nd4 15. Nxd4
Qxd4 16. Rb1 Be6 17. Bb2 Qd7 18. Qf3 b5 19. Qf4 c4 20. dxc4 bxc4 21. bxc4 Rab8
22. Bc3 c5 23. Rb5 Qa7 24. Rxa5 Qc7 25. Ne4 Ra8 26. Rxc5 Qb7 27. a5 Rfc8 28. Rb5
Qa7 29. Nd2 Qa6 30. Reb1 Rc6 31. Rb8+ Rc8 32. R8b6 Qa7 33. R1b5 h6 34. Rb7 g5
35. Qe4 Qa6 36. R5b6 Rxc4 37. Rxa6 Rxe4 38. Rxa8+ 1-0

[Event "Titled Tue 3rd Jun Early"]
[Site "chess.com INT"]
[Date "2025.06.03"]
[Round "3"]
[White "Sychev, Klementy"]
[Black "Cernov, Henrik"]
[Result "1-0"]
[WhiteTitle "GM"]
[BlackTitle "FM"]
[WhiteElo "2542"]
[BlackElo "2325"]
[WhiteFideId "4114060"]
[BlackFideId "16258312"]
[EventDate "2025.06.03"]

1. e4 c5 2. Nf3 e6 3. d4 cxd4 4. Nxd4 Nf6 5. Bd3 Nc6 6. Nxc6 dxc6 7. Nd2 e5 8.
Nc4 Qc7 9. a4 Be6 10. O-O Nxe4 11. Re1 Bxc4 12. Bxc4 Nf6 13. Bg5 Be7 14. Qe2 h6
15. Bh4 Nd7 16. Qh5 g6 17. Qf3 Bxh4 18. Qxf7+ Kd8 19. Rad1 Re8 20. Be6 Re7 21.
Qg8+ Re8 22. Qxg6 Re7 23. Bxd7 Rxd7 24. Qg8+ Ke7 25. Qxa8 Rxd1 26. Rxd1 Qb6 27.
g3 Bg5 28. Qc8 Be3 29. Rd7+ Kf6 30. Qf8+ Kg5 31. Rg7+ Kh5 32. Qf3# 1-0

[Event "Titled Tue 3rd Jun Early"]
[Site "chess.com INT"]
[Date "2025.06.03"]
[Round "3"]
[White "Di Nicolantonio, Lucas"]
[Black "Dimakiling, Oliver"]
[Result "1-0"]
[WhiteTitle "IM"]
[BlackTitle "IM"]
[WhiteElo "2413"]
[BlackElo "2402"]
[WhiteFideId "680460"]
[BlackFideId "5202248"]
[EventDate "2025.06.03"]

1. d4 Nf6 2. Nf3 d6 3. e3 Bf5 4. Bd3 Bg6 5. O-O Nbd7 6. Re1 e5 7. Bxg6 hxg6 8.
e4 c6 9. c3 Be7 10. Nbd2 Qc7 11. Nf1 O-O-O 12. Ng5 Rdf8 13. Qb3 d5 14. exd5 Nxd5
15. c4 N5b6 16. a4 Bxg5 17. Bxg5 exd4 18. a5 Na8 19. Be7 Re8 20. c5 Qf4 21. a6
b6 22. Bd6 Qf6 23. Qa4 b5 24. Qa5 d3 25. Rad1 Qd4 26. Qa2 Nxc5 27. Rxe8+ Rxe8
28. Qxf7 Re2 29. Bxc5 Qxc5 30. Qb7+ Kd8 31. Rxd3+ Ke8 32. Qd7+ Kf8 33. Rf3+ Kg8
34. Qf7+ Kh7 35. Rh3+ Qh5 36. Rxh5+ gxh5 37. Qxh5+ 1-0

[Event "Titled Tue 3rd Jun Early"]
[Site "chess.com INT"]
[Date "2025.06.03"]
[Round "3"]
[White "Tomb, Maroun"]
[Black "Sheehan, Ethan"]
[Result "1-0"]
[WhiteTitle "CM"]
[WhiteElo "2090"]
[BlackElo "2380"]
[WhiteFideId "5300398"]
[BlackFideId "30943965"]
[EventDate "2025.06.03"]

1. e4 g6 2. d4 Bg7 3. Nc3 d6 4. g3 Nc6 5. Be3 e5 6. dxe5 Nxe5 7. h3 Ne7 8. f4
N5c6 9. Nf3 O-O 10. Bg2 f5 11. O-O Re8 12. Bf2 fxe4 13. Nxe4 Bxb2 14. c3 Bxa1
15. Nf6+ Kf7 16. Nxe8 Bxc3 17. Nxc7 Qxc7 18. Qb3+ Nd5 19. Qxd5+ Kg7 20. Rc1 Bf6
21. Bd4 Bxd4+ 22. Nxd4 Qb6 23. Rxc6 bxc6 24. Qxd6 Bf5 25. Kh2 Rf8 26. Nxc6 Qf2
27. Nxa7 Rf7 28. Nc6 Rd7 29. Qe5+ Kg8 30. Ne7+ Kf7 31. Nxf5 gxf5 32. Qxf5+ Ke8
33. Qe6+ Kd8 34. a4 Rd2 35. Qf6+ Kc8 36. Qh8+ Kc7 37. Qxh7+ Kb6 38. Qe4 Ka5 39.
h4 Rd4 40. Qc6 Rxa4 41. h5 Qd4 42. h6 Rc4 43. Qa8+ Kb4 44. Qf8+ Kc3 45. h7 1-0

[Event "Titled Tue 3rd Jun Early"]
[Site "chess.com INT"]
[Date "2025.06.03"]
[Round "3"]
[White "Masague Artero, Guerau"]
[Black "Fedorov, Artem Alek"]
[Result "1/2-1/2"]
[WhiteTitle "FM"]
[BlackTitle "CM"]
[WhiteElo "2326"]
[BlackElo "2198"]
[WhiteFideId "32098952"]
[BlackFideId "34418431"]
[EventDate "2025.06.03"]

1. f4 Nc6 2. Nf3 d5 3. d4 Bf5 4. e3 e6 5. a3 Nf6 6. c4 Be7 7. Nc3 O-O 8. b4 a6
9. Bd3 h5 10. O-O Ne4 11. Bb2 Bf6 12. Qc2 Nxc3 13. Bxc3 dxc4 14. Bxf5 exf5 15.
Qxf5 g6 16. Qc5 Qe7 17. Rfe1 Qxc5 18. bxc5 Rfe8 19. Rab1 Rab8 20. e4 Bg7 21. Kf2
b5 22. e5 Ne7 23. Ba5 Nd5 24. g3 c6 25. Ng5 Rb7 26. Ne4 Re6 27. Nd6 Rd7 28. f5
gxf5 29. Nxf5 Bf8 30. Kg2 f6 31. Nd6 fxe5 32. dxe5 Rde7 33. Nf5 Re8 34. Nd6 R8e7
35. Nf5 Re8 36. Nd6 R8e7 1/2-1/2

[Event "Titled Tue 3rd Jun Early"]
[Site "chess.com INT"]
[Date "2025.06.03"]
[Round "3"]
[White "Nakonechnyi, Oleksii"]
[Black "Donchenko, Alexander"]
[Result "0-1"]
[WhiteTitle "CM"]
[BlackTitle "GM"]
[WhiteElo "2224"]
[BlackElo "2615"]
[WhiteFideId "34173714"]
[BlackFideId "24603295"]
[EventDate "2025.06.03"]

1. e4 c6 2. d4 d5 3. Nd2 dxe4 4. Nxe4 Bf5 5. Ng5 e6 6. h4 h6 7. N5f3 Nf6 8. Bd3
Bxd3 9. Qxd3 c5 10. Ne2 Nc6 11. O-O Be7 12. Rd1 O-O 13. Be3 Qb6 14. Rab1 Nd5 15.
dxc5 Bxc5 16. Bxc5 Qxc5 17. c4 Nf6 18. a3 Rfd8 19. Qc2 a5 20. Ng3 Nd4 21. Nxd4
Rxd4 22. Rxd4 Qxd4 23. h5 Rd8 24. b4 axb4 25. axb4 Qh4 26. Qe2 Rd4 27. Rd1 Rxd1+
28. Qxd1 Qxc4 29. Qd2 Nd5 30. b5 Qxb5 31. Qd4 Qc6 32. Ne4 b5 33. g3 b4 34. Qe5
Qc7 35. Qb2 Qc4 36. Nd6 Qg4 37. Qe5 b3 38. Ne8 Kh7 39. Qb8 Qb4 40. Qe5 f6 41.
Qxe6 b2 42. Qf5+ Kh8 43. Qxd5 b1=Q+ 44. Kh2 Q4e4 0-1

[Event "Titled Tue 3rd Jun Early"]
[Site "chess.com INT"]
[Date "2025.06.03"]
[Round "3"]
[White "Kolb, Tobias"]
[Black "Ser, Daniel"]
[Result "1-0"]
[WhiteTitle "FM"]
[BlackTitle "CM"]
[WhiteElo "2402"]
[BlackElo "2005"]
[WhiteFideId "12992321"]
[BlackFideId "12829404"]
[EventDate "2025.06.03"]

1. e4 c6 2. d4 d5 3. exd5 cxd5 4. Bd3 Nc6 5. c3 Nf6 6. Bf4 Bg4 7. Qb3 Qd7 8. Nd2
e6 9. Ngf3 Bd6 10. Bxd6 Qxd6 11. O-O O-O 12. Rae1 Bxf3 13. Nxf3 Qc7 14. Qc2 Rfc8
15. Qd2 Rab8 16. Ne5 Nxe5 17. dxe5 Nd7 18. Qg5 b5 19. Re3 b4 20. Rfe1 bxc3 21.
bxc3 Nf8 22. h4 Qd8 23. Qg4 d4 24. Rg3 g6 25. cxd4 Rb4 26. Re4 Rc1+ 27. Kh2 h5
28. Qxh5 Rxd4 29. Rxd4 Qxd4 30. Bxg6 Nxg6 31. Rxg6+ fxg6 32. Qxg6+ Kf8 33. Qh6+
Ke8 34. Qxc1 Qxf2 35. Qc8+ Kf7 36. Qd7+ Kf8 37. Qd8+ Kf7 38. Qf6+ Qxf6 39. exf6
Kxf6 40. Kg3 Kf5 41. Kf3 e5 42. g4+ Kf6 43. Ke4 a5 44. a4 Ke6 45. g5 1-0

[Event "Titled Tue 3rd Jun Early"]
[Site "chess.com INT"]
[Date "2025.06.03"]
[Round "3"]
[White "Di Benedetto, Guillermo"]
[Black "Kleiman, Jake"]
[Result "1-0"]
[WhiteTitle "FM"]
[BlackTitle "IM"]
[WhiteElo "2289"]
[BlackElo "2399"]
[WhiteFideId "111120"]
[BlackFideId "2020041"]
[EventDate "2025.06.03"]

1. d4 Nf6 2. c4 e6 3. Nf3 Bb4+ 4. Bd2 Bxd2+ 5. Qxd2 O-O 6. Nc3 d5 7. e3 Qe7 8.
Qc2 Rd8 9. Bd3 dxc4 10. Bxc4 c5 11. dxc5 Qxc5 12. Be2 Nc6 13. O-O h6 14. Rac1
Bd7 15. a3 Rac8 16. Ne4 Qe7 17. Nxf6+ Qxf6 18. Qb1 e5 19. Bd3 Bg4 20. Be4 Rd6
21. h3 Bd7 22. Rcd1 Rxd1 23. Rxd1 Qe7 24. Rxd7 Qxd7 25. Bh7+ Kf8 26. Bf5 Qd8 27.
Bxc8 Qxc8 28. Qh7 Ne7 29. Nxe5 Qc1+ 30. Kh2 Qxb2 31. Qh8+ Ng8 32. Nd7+ Ke7 33.
Qxg8 Kxd7 34. Qxf7+ Kc6 35. Qf3+ Kb6 36. e4 a5 37. Qe3+ Kc6 38. e5 Kd7 39. Qc5
Qd2 40. Kg3 Ke6 41. f4 g5 42. Qc8+ Kf7 43. Qxb7+ Kg6 44. Qe4+ Kh5 45. f5 Qc1 46.
Qg4# 1-0

[Event "Titled Tue 3rd Jun Early"]
[Site "chess.com INT"]
[Date "2025.06.03"]
[Round "3"]
[White "Pacheco, Daniel"]
[Black "Priasmoro, Novendra"]
[Result "0-1"]
[WhiteTitle "FM"]
[BlackTitle "GM"]
[WhiteElo "2191"]
[BlackElo "2437"]
[WhiteFideId "101680"]
[BlackFideId "7105029"]
[EventDate "2025.06.03"]

1. c4 Nf6 2. b3 g6 3. Bb2 Bg7 4. g3 O-O 5. Bg2 d6 6. d4 e5 7. dxe5 Nfd7 8. Nf3
dxe5 9. Nc3 e4 10. Nd4 e3 11. fxe3 c6 12. O-O Qe7 13. e4 Rd8 14. e3 Ne5 15. Qc2
Nbd7 16. a4 a5 17. Ba3 Nc5 18. Rad1 h5 19. Nf5 Bxf5 20. exf5 Ng4 21. Rde1 Nxe3
22. Qc1 Bd4 23. Kh1 Re8 24. Rf4 Qe5 25. fxg6 fxg6 26. Ne4 Nd3 27. Rxe3 Nxc1 28.
Nf6+ Kh8 29. Rxe5 Rxe5 30. Bxc1 Re1+ 31. Bf1 Rf8 32. Rxd4 Rxf1+ 33. Kg2 Rxc1 34.
Nd7 Rc2+ 35. Kh3 Rff2 36. Kh4 Kg7 37. Nc5 Kh6 38. g4 g5+ 0-1

[Event "Titled Tue 3rd Jun Early"]
[Site "chess.com INT"]
[Date "2025.06.03"]
[Round "3"]
[White "Tahmasebi, Hamidreza"]
[Black "Lyutsinger, Iren"]
[Result "1-0"]
[WhiteTitle "FM"]
[BlackTitle "FM"]
[WhiteElo "2298"]
[BlackElo "2266"]
[WhiteFideId "12537527"]
[BlackFideId "34425969"]
[EventDate "2025.06.03"]

1. e4 c5 2. Nf3 e6 3. d4 cxd4 4. Nxd4 Nf6 5. Nc3 Nc6 6. Ndb5 Bc5 7. Bf4 O-O 8.
Bc7 Qe7 9. Bd6 Bxd6 10. Qxd6 Qd8 11. O-O-O a6 12. Nd4 Qe7 13. Nxc6 Qxd6 14. Rxd6
bxc6 15. Be2 Ne8 16. Rd2 d5 17. Bf3 Rb8 18. Rhd1 Nc7 19. Na4 f5 20. exd5 cxd5
21. c3 g5 22. g3 Kg7 23. Re1 Kf6 24. Nc5 Rd8 25. Nd3 Ne8 26. Ne5 Bb7 27. Rde2
Nd6 28. Bg2 Rbc8 29. Kb1 Ne4 30. Nd3 Re8 31. f3 Nc5 32. Ne5 Rc7 33. g4 Rce7 34.
Bh3 a5 35. b3 Ba6 36. Rd2 Rc7 37. gxf5 exf5 38. Nd7+ Nxd7 39. Rxe8 Rxc3 40. Rxd5
Bd3+ 41. Kb2 Rc2+ 42. Ka3 Nb6 43. Rxd3 1-0

[Event "Titled Tue 3rd Jun Early"]
[Site "chess.com INT"]
[Date "2025.06.03"]
[Round "3"]
[White "Khoo-Thwe, Louis"]
[Black "Omariev, Maksim"]
[Result "1-0"]
[WhiteTitle "CM"]
[BlackTitle "FM"]
[WhiteElo "2214"]
[BlackElo "2304"]
[WhiteFideId "1538756"]
[BlackFideId "4193423"]
[EventDate "2025.06.03"]

1. e4 c5 2. Nf3 d6 3. Nc3 Nf6 4. e5 dxe5 5. Nxe5 e6 6. g3 Nbd7 7. Nc4 Be7 8. Bg2
O-O 9. O-O Rb8 10. a4 b6 11. Nb5 a5 12. d3 Bb7 13. Bf4 Bxg2 14. Kxg2 Rc8 15. Na7
Ra8 16. Nc6 Qe8 17. Bd6 Nd5 18. Bxe7 Nxe7 19. Nd6 Nxc6 20. Nxe8 Rfxe8 21. Qf3
Nd4 22. Qd1 g6 23. c3 Nc6 24. d4 cxd4 25. cxd4 Nb4 26. Qf3 Kg7 27. Rac1 Nf6 28.
Rc7 Nbd5 29. Rc2 Rad8 30. Rfc1 Rd7 31. Rc8 Ree7 32. h4 h5 33. Qe2 Nb4 34. Qd2 e5
35. Re1 e4 36. Rb8 Nbd5 37. Qc1 Rc7 38. Qg5 Rc4 39. Rd1 Rec7 40. Qe5 Re7 41. Qd6
Rxa4 42. Rc1 Rb4 43. Rc7 Rxc7 44. Qf8+ Kh7 45. Qh8# 1-0

[Event "Titled Tue 3rd Jun Early"]
[Site "chess.com INT"]
[Date "2025.06.03"]
[Round "3"]
[White "Brozynski, Patryk"]
[Black "Kurmangaliyeva, Liya"]
[Result "0-1"]
[WhiteTitle "CM"]
[BlackTitle "FM"]
[WhiteElo "2219"]
[BlackElo "2246"]
[WhiteFideId "2512700"]
[BlackFideId "13725831"]
[EventDate "2025.06.03"]

1. Nf3 Nc6 2. c4 e5 3. Nc3 f5 4. d4 e4 5. d5 exf3 6. dxc6 fxg2 7. cxd7+ Qxd7 8.
Qxd7+ Bxd7 9. Bxg2 O-O-O 10. Bf4 Nf6 11. O-O-O Bb4 12. Kc2 h6 13. h4 Rhe8 14. e3
Nh5 15. Nd5 Nxf4 16. Nxf4 Bd6 17. Nd5 f4 18. Bh3 fxe3 19. Nxe3 Rf8 20. Rd2 Rf4
21. Bxd7+ Rxd7 22. b3 Rdf7 23. Nd1 Be7 24. h5 Bc5 25. Rh2 a5 26. Rg2 Bd4 27. Re2
Kd7 28. Kd3 c5 29. Ne3 Rh4 30. Nc2 Bf6 31. Ne3 Rxh5 32. Nd5 Bd4 33. Re4 Rh3+ 34.
Ke2 Rhf3 35. Reg4 Rxf2+ 36. Rxf2 Rxf2+ 37. Kd3 Rxa2 38. Rxg7+ Bxg7 0-1

[Event "Titled Tue 3rd Jun Early"]
[Site "chess.com INT"]
[Date "2025.06.03"]
[Round "3"]
[White "Pulido Alvarez, Ariel"]
[Black "Turcsanyi, Vince Gergo"]
[Result "0-1"]
[WhiteTitle "FM"]
[BlackTitle "FM"]
[WhiteElo "2252"]
[BlackElo "2321"]
[WhiteFideId "3503011"]
[BlackFideId "791784"]
[EventDate "2025.06.03"]

1. e4 d6 2. d4 Nf6 3. Nc3 c6 4. Nf3 Qa5 5. Bd3 e5 6. O-O Be7 7. h3 O-O 8. Be3 h6
9. Qd2 Re8 10. Rad1 Bf8 11. Rfe1 Qc7 12. a4 Be6 13. Bf1 a6 14. Qc1 c5 15. dxe5
dxe5 16. Nd2 Nc6 17. Bc4 Bxc4 18. Nxc4 Nd4 19. Nd5 Nxd5 20. exd5 b5 21. Nd2 c4
22. axb5 axb5 23. Nf3 Nxf3+ 24. gxf3 Ra6 25. Kh1 Rf6 26. Qd2 Bd6 27. Qe2 Qd7 28.
Kh2 Qf5 0-1

[Event "Titled Tue 3rd Jun Early"]
[Site "chess.com INT"]
[Date "2025.06.03"]
[Round "3"]
[White "Jaskolka, Tomasz"]
[Black "Gadzhiev, Ruslan"]
[Result "0-1"]
[WhiteTitle "CM"]
[BlackTitle "CM"]
[WhiteElo "2200"]
[BlackElo "2169"]
[WhiteFideId "1170791"]
[BlackFideId "55671926"]
[EventDate "2025.06.03"]

1. d4 d5 2. Bf4 Nf6 3. e3 Bf5 4. c3 c6 5. Nd2 e6 6. Ngf3 Bd6 7. Nh4 Bxf4 8. Nxf5
exf5 9. exf4 O-O 10. Be2 Qd6 11. g3 Nbd7 12. O-O g6 13. Bd3 Rfe8 14. Re1 Ne4 15.
f3 Nef6 16. Re5 c5 17. Qa4 Qb6 18. Bb5 cxd4 19. cxd4 Nxe5 20. Bxe8 Qxb2 21. Rd1
Nxf3+ 22. Nxf3 Rxe8 23. Ne5 Rc8 24. Qb3 Qxb3 25. axb3 Ne4 26. Ra1 a6 27. Kg2
Rc2+ 28. Kf3 Rc3+ 29. Kg2 Rxb3 30. Rc1 Rc3 31. Rb1 Rc7 32. Rb6 f6 33. Nd3 Rc2+
34. Kf3 Nd2+ 35. Ke2 Nc4+ 36. Kd1 Rd2+ 37. Kc1 Rxd3 38. Rxb7 Rxd4 39. h4 Rd3 40.
h5 gxh5 41. Kc2 Rxg3 42. Ra7 h4 43. Rxa6 h3 44. Rxf6 h2 45. Rxf5 Ne3+ 46. Kd3
Nxf5+ 47. Ke2 h1=Q 48. Kf2 Qh2+ 49. Kf1 Rg1# 0-1

[Event "Titled Tue 3rd Jun Early"]
[Site "chess.com INT"]
[Date "2025.06.03"]
[Round "3"]
[White "Salinas Herrera, Pablo"]
[Black "Claverie, Christophe"]
[Result "1-0"]
[WhiteTitle "GM"]
[BlackTitle "IM"]
[WhiteElo "2447"]
[BlackElo "2290"]
[WhiteFideId "3407128"]
[BlackFideId "605514"]
[EventDate "2025.06.03"]

1. d4 Nf6 2. Nf3 g6 3. Bf4 Bg7 4. e3 O-O 5. h3 d6 6. Bh2 Nc6 7. Be2 Nd7 8. O-O
e5 9. c4 f5 10. Nc3 e4 11. Nd2 Ne7 12. b4 Nf6 13. b5 Be6 14. a4 Qd7 15. Nb3 h5
16. c5 Nfd5 17. Nxd5 Nxd5 18. Bc4 b6 19. Rc1 Rfd8 20. Qe2 Rac8 21. Rfd1 Qf7 22.
Nd2 dxc5 23. dxc5 Nc3 24. Rxc3 Bxc3 25. Bxe6 Qxe6 26. Nf1 Be5 27. Bxe5 Qxe5 28.
Qc4+ Kf8 29. Rxd8+ Rxd8 30. cxb6 axb6 31. g3 h4 32. gxh4 Ke7 33. Kg2 Rh8 34. Ng3
Rxh4 35. Qg8 Qd6 36. Qg7+ Kd8 37. Qg8+ Kd7 38. Ne2 g5 39. Nd4 g4 40. Qf7+ Kd8
41. Nc6+ Kc8 42. Qe8+ 1-0

[Event "Titled Tue 3rd Jun Early"]
[Site "chess.com INT"]
[Date "2025.06.03"]
[Round "3"]
[White "Aradhya, Garg"]
[Black "Fragkos, Vasileios"]
[Result "1-0"]
[WhiteTitle "IM"]
[BlackTitle "CM"]
[WhiteElo "2383"]
[BlackElo "2176"]
[WhiteFideId "25006746"]
[BlackFideId "25832646"]
[EventDate "2025.06.03"]

1. d4 g6 2. c4 Bg7 3. Nf3 d6 4. Nc3 Nd7 5. e4 e5 6. Be2 Ne7 7. O-O O-O 8. Be3
Kh8 9. dxe5 Nxe5 10. Nxe5 Bxe5 11. f4 Bg7 12. c5 Be6 13. cxd6 cxd6 14. Bd4 f6
15. Qd2 a6 16. Rad1 Bg8 17. f5 g5 18. Be3 b5 19. a3 Bb3 20. Rc1 Rc8 21. h4 gxh4
22. Rf4 d5 23. exd5 Bh6 24. Rxh4 Bxe3+ 25. Qxe3 Nxf5 26. Rxh7+ Kxh7 27. Bd3 Qd6
28. Bxf5+ Kg7 29. Bxc8 Rxc8 30. Re1 Kf7 31. Qa7+ Rc7 32. Re6 Qg3 33. Qb6 Qe1+
34. Rxe1 1-0

[Event "Titled Tue 3rd Jun Early"]
[Site "chess.com INT"]
[Date "2025.06.03"]
[Round "3"]
[White "Madaminov, Mukhiddin"]
[Black "Bakalchuk, Johnatan"]
[Result "1-0"]
[WhiteTitle "GM"]
[BlackTitle "IM"]
[WhiteElo "2520"]
[BlackElo "2438"]
[WhiteFideId "14210703"]
[BlackFideId "2810301"]
[EventDate "2025.06.03"]

1. d4 Nf6 2. Nf3 g6 3. Bf4 Bg7 4. h3 O-O 5. e3 d6 6. Nbd2 c5 7. c3 b6 8. Be2 Ba6
9. Bxa6 Nxa6 10. O-O Qc8 11. e4 cxd4 12. cxd4 Nb4 13. Qb3 Nc6 14. d5 Na5 15. Qd3
Nd7 16. Rac1 Qb8 17. b4 Nb7 18. Nd4 a5 19. Nc6 Qe8 20. a3 f5 21. Rfe1 axb4 22.
axb4 Ne5 23. Bxe5 dxe5 24. Nc4 Nd6 25. Nxd6 exd6 26. Ra1 fxe4 27. Qxe4 Qf7 28.
f3 h5 29. b5 Bh6 30. Ra6 Bf4 31. Rea1 Rae8 32. Ra7 Qf6 33. Kf1 Kh8 34. Rb7 Ra8
35. Ra6 Qg5 36. Ne7 Bg3 37. Nxg6+ Kg8 38. Nf4 Qh6 39. Qg6+ Qxg6 40. Nxg6 Rfe8
41. Ne7+ Kh8 42. Nf5 h4 43. Nxd6 Red8 44. Nf7+ 1-0

[Event "Titled Tue 3rd Jun Early"]
[Site "chess.com INT"]
[Date "2025.06.03"]
[Round "3"]
[White "Manvelyan, Mikayel"]
[Black "Galperin, Platon"]
[Result "0-1"]
[WhiteTitle "FM"]
[BlackTitle "GM"]
[WhiteElo "2362"]
[BlackElo "2494"]
[WhiteFideId "13310143"]
[BlackFideId "14165414"]
[EventDate "2025.06.03"]

1. e4 e5 2. Nf3 Nc6 3. Bb5 Bc5 4. c3 Nf6 5. O-O Nxe4 6. d4 exd4 7. cxd4 Bb6 8.
d5 Ne7 9. Qe2 f5 10. Ng5 O-O 11. Nxe4 fxe4 12. Qxe4 Nf5 13. Bd3 d6 14. Nc3 Re8
15. Qf4 Re5 16. Bd2 Bd7 17. Rae1 Rxe1 18. Rxe1 Qf8 19. Ne4 h6 20. Qg4 Re8 21.
Bc3 Re7 22. Nf6+ Qxf6 23. Bxf6 Rxe1+ 24. Bf1 Rxf1+ 25. Kxf1 Ne3+ 26. fxe3 Bxg4
27. Bd4 Bxd4 28. exd4 Bf5 29. Kf2 Be4 30. Ke3 Bxd5 0-1

[Event "Titled Tue 3rd Jun Early"]
[Site "chess.com INT"]
[Date "2025.06.03"]
[Round "3"]
[White "Daianu, Cristian-Clement"]
[Black "Shuvalov, Evgenij"]
[Result "0-1"]
[WhiteTitle "FM"]
[WhiteElo "2205"]
[BlackElo "1986"]
[WhiteFideId "1208926"]
[BlackFideId "4187237"]
[EventDate "2025.06.03"]

1. e4 e6 2. d4 d5 3. Nd2 c5 4. Ngf3 Nc6 5. exd5 exd5 6. Bb5 Qe7+ 7. Be2 Qc7 8.
O-O Nf6 9. Re1 Be6 10. c3 Bd6 11. dxc5 Bxc5 12. Nb3 Bb6 13. Bg5 Ne4 14. Nbd4
Nxd4 15. cxd4 O-O 16. Bd3 Bf5 17. Rc1 Qd6 18. Bh4 Rac8 19. Bxe4 dxe4 20. Rxc8
Rxc8 21. Bg3 Qd5 22. Nh4 Be6 23. h3 g5 24. Be5 gxh4 25. Qh5 f6 26. Qxh4 fxe5 27.
Re3 Bf5 28. Rg3+ Bg6 29. dxe5 Rc1+ 0-1

[Event "Titled Tue 3rd Jun Early"]
[Site "chess.com INT"]
[Date "2025.06.03"]
[Round "3"]
[White "Sonis, Francesco"]
[Black "Goncharov, Vladimir"]
[Result "1-0"]
[WhiteTitle "GM"]
[WhiteElo "2570"]
[BlackElo "2077"]
[WhiteFideId "895733"]
[BlackFideId "34162256"]
[EventDate "2025.06.03"]

1. Nf3 Nf6 2. g3 c5 3. Bg2 Nc6 4. O-O d5 5. d3 Bg4 6. c4 d4 7. b4 cxb4 8. a3 a5
9. Qa4 Bd7 10. axb4 Nxb4 11. Qb3 Bc6 12. Bb2 e6 13. Nbd2 Bc5 14. Qd1 e5 15. Nxe5
Bxg2 16. Kxg2 O-O 17. Nef3 b6 18. Qa4 Re8 19. Rfe1 Qd6 20. Nb3 Nc6 21. Ba3 Bxa3
22. Qxa3 Qd7 23. Qb2 Rad8 24. c5 bxc5 25. Nxc5 Qd5 26. Qa3 Ng4 27. Nb7 Rd7 28.
Qc5 Qe6 29. Nxa5 Nce5 30. h3 Nf6 31. Qxe5 Qxe5 32. Nxe5 Rxe5 33. Nc6 Re8 34. Ra4
h6 35. Rxd4 Rc7 36. Rc4 Rb7 37. Nd4 Rb2 38. Rec1 Rd8 39. Rc8 Rxc8 40. Rxc8+ Kh7
41. Rc5 g6 42. Rb5 Ra2 43. e4 Nd7 44. Rd5 Nb6 45. Rd6 Nc8 46. Rd7 Kg7 47. Ne6+
Kf6 48. Nd8 Ra7 49. Rxa7 Nxa7 50. Kf3 Ke7 51. Nb7 Nb5 52. Ke3 Nc3 53. Na5 Nd1+
54. Ke2 Nc3+ 55. Kd2 Nb5 56. Ke3 1-0

[Event "Titled Tue 3rd Jun Early"]
[Site "chess.com INT"]
[Date "2025.06.03"]
[Round "3"]
[White "Zhakshylykov, Erzhan"]
[Black "Martel Bruniaux, Malko"]
[Result "1-0"]
[WhiteTitle "IM"]
[BlackTitle "CM"]
[WhiteElo "2362"]
[BlackElo "2161"]
[WhiteFideId "13804111"]
[BlackFideId "24560871"]
[EventDate "2025.06.03"]

1. d4 Nf6 2. Nf3 b6 3. g3 Bb7 4. Bg2 e6 5. O-O Be7 6. c4 O-O 7. Nc3 Ne4 8. Qc2
Nxc3 9. Qxc3 d6 10. b4 Nd7 11. Bb2 Bf6 12. Qc2 c5 13. Ng5 Bxg5 14. Bxb7 Rb8 15.
Bc6 cxb4 16. Qa4 Nf6 17. Qxb4 Qc7 18. Bg2 Rfc8 19. e3 Qxc4 20. Qxd6 Ne8 21. Qa3
a5 22. Rfc1 Qb4 23. Qxb4 axb4 24. a3 bxa3 25. Bxa3 f5 26. Rxc8 Rxc8 27. Rb1 Bd8
28. d5 Kf7 29. dxe6+ Kxe6 30. Rd1 Be7 31. Bd5+ Kf6 32. Bb2+ Kg6 33. Be6 Rc2 34.
Be5 Bf6 35. Bf4 Nc7 36. Bg8 Na6 37. Rd7 Rb2 38. Bf7# 1-0

[Event "Titled Tue 3rd Jun Early"]
[Site "chess.com INT"]
[Date "2025.06.03"]
[Round "3"]
[White "Lai, Duc Minh"]
[Black "Nagare Kaivalya Sandip"]
[Result "0-1"]
[BlackTitle "FM"]
[WhiteElo "2072"]
[BlackElo "2321"]
[WhiteFideId "12420387"]
[BlackFideId "25957929"]
[EventDate "2025.06.03"]

1. e4 e5 2. Nf3 Nc6 3. d4 exd4 4. Nxd4 Nf6 5. Nxc6 bxc6 6. e5 Qe7 7. Qe2 Nd5 8.
h4 a5 9. c4 Ba6 10. g3 Qb4+ 11. Nd2 Nb6 12. b3 O-O-O 13. Bg2 d5 14. exd6 Bxd6
15. O-O Rhe8 16. Ne4 Be5 17. Qg4+ Kb8 18. Rb1 Bc8 19. Qh5 g6 20. Qxh7 Bf5 21.
Bg5 f6 22. Nxf6 Re7 23. Qh6 Rf7 24. Ne4 Rh8 25. Bd2 Rxh6 26. Bxb4 axb4 27. Rbd1
Nd7 28. Ng5 Re7 29. Bxc6 Nc5 30. Rd8+ Ka7 31. Re1 Bd6 32. Rxe7 Bxe7 33. Re8 Bxg5
34. hxg5 Rh5 35. f4 Rh7 0-1